| 000 | 00465pab a2200169 454500 | ||
|---|---|---|---|
| 008 | 180718b1983 xxu||||| |||| 00| 0 eng d | ||
| 100 | _aVance, Robert J. | ||
| 245 | _aA longitudinal examination of rater and rates effects in performance ratings | ||
| 260 | _c1983 | ||
| 300 | _a609-20 | ||
| 362 | _aAutumn | ||
| 650 | _aPersonnel - Service Rating | ||
| 700 | _aE. Scott Wright | ||
| 700 | _aPeter S. Winne | ||
| 773 | _aPersonnel Psychology | ||
| 909 | _a14969 | ||
| 999 |
_c14969 _d14969 |
||